LEADER 00988nam0 2200289 450 001 000018156 005 20081024165422.0 100 $a20081024d1969----km-y0itay50------ba 101 1 $aita 102 $aIT 105 $ay-------001yy 200 1 $aFilosofia e conoscenza storica$fWilliam H. Dray$ged. italiana a cura di Antonio Santucci$gtraduzione di Gabriele Baroncini 210 $aBologna$cIl Mulino$dc1969 215 $a184 p.$d21 cm 225 2 $a<>nuova scienza. Fondamenti di filosofia 410 0$12001$a<>nuova scienza. Fondamenti di filosofia 500 10$aPhilosophy of history$m$934637 610 1 $aFilosofia della storia 676 $a101$v19 700 1$aDray ,$bWilliam H.$0159725 702 1$aBaroncini,$bGabriele 702 1$aSantucci,$bAntonio <1926-2006> 801 0$aIT$bUNIPARTHENOPE$c20081024$gRICA$2UNIMARC 912 $a000018156 951 $a101/100$b17293$cNAVA1 996 $aPhilosophy of history$934637 997 $aUNIPARTHENOPE LEADER 01168cam a2200265Mi 4500 001 991000187929707536 008 020 $a9783662622124 035 $ab14439050-39ule_inst 040 $aDip. Studi Umanistici$bita 082 04$a830 245 00$aDeutschsprachiges Nature Writing von Goethe bis zur Gegenwart :$bKontroversen, Positionen, Perspektiven /$cGabriele Dürbeck, Christine Kanz (Hrsg.) 264 1$aBerlin :$bJ.B. Metzler,$c2020 300 $ax, 347 p. ;$c24 cm. 490 0 $aAbhandlungen zur Literaturwissenschaft,$x2520-8381 650 0$aLetteratura tedesca$xStoria 650 0$aNatura in letteratura 700 1 $aDürbeck, Gabriele$eauthor$4http://id.loc.gov/vocabulary/relators/aut$0387372 700 1 $aKanz, Christine$eauthor$4http://id.loc.gov/vocabulary/relators/aut$01223931 907 $a.b14439050$b18-05-22$c18-05-22 912 $a991000187929707536 945 $aLE012$g1$lle012$op$pE49.06$q-$rl$s- $t0$u0$v0$w0$x0$y.i16012033$z18-05-22 996 $aDeutschsprachiges Nature Writing von Goethe bis zur Gegenwart$92839887 997 $aUNISALENTO 998 $ale012$b18-05-22$cm$da $e $fger$gde $h0$i0